|
|
|
|
| LEADER |
00000nam0a2200000 4500 |
| 001 |
336086 |
| 005 |
20231102004823.0 |
| 035 |
|
|
|a (RuTPU)RU\TPU\book\362502
|
| 090 |
|
|
|a 336086
|
| 100 |
|
|
|a 20171009d1969 m y0rusy50 ca
|
| 101 |
0 |
|
|a rus
|
| 102 |
|
|
|a RU
|
| 105 |
|
|
|a a j 000zy
|
| 200 |
1 |
|
|a Руководство к лабораторному практикуму по получению нитросоединений
|e учебное пособие для вузов
|f Е. Ю. Орлова, Г. М. Шутов, В. Ф. Жилин, В. Л. Збарский
|g Московский химико-технологический институт им. Д. И. Менделеева
|
| 210 |
|
|
|a Москва
|c Изд-во МХТИ
|d 1969
|
| 215 |
|
|
|a 242 с.
|c ил.
|
| 606 |
1 |
|
|a Нитросоединения
|x Химия
|2 stltpush
|3 (RuTPU)RU\TPU\subj\75924
|9 87451
|
| 610 |
1 |
|
|a учебные пособия
|
| 610 |
1 |
|
|a лабораторные практикумы
|
| 610 |
1 |
|
|a техника безопасности
|
| 610 |
1 |
|
|a исходные материалы
|
| 610 |
1 |
|
|a анализ
|
| 610 |
1 |
|
|a кислоты
|
| 610 |
1 |
|
|a кислотные смеси
|
| 610 |
1 |
|
|a ароматические соединения
|
| 610 |
1 |
|
|a ароматические нитросоединения
|
| 610 |
1 |
|
|a бензол
|
| 610 |
1 |
|
|a производные
|
| 610 |
1 |
|
|a получение
|
| 610 |
1 |
|
|a фенолы
|
| 610 |
1 |
|
|a нитропроизводные
|
| 610 |
1 |
|
|a алифатические соединения
|
| 610 |
1 |
|
|a нитрофенолы
|
| 610 |
1 |
|
|a спирты
|
| 675 |
|
|
|a 547.1-304(076.5)
|v 4
|
| 701 |
|
1 |
|a Орлова
|b Е. Ю.
|
| 701 |
|
1 |
|a Шутов
|b Г. М.
|
| 701 |
|
1 |
|a Жилин
|b В. Ф.
|
| 701 |
|
1 |
|a Збарский
|b В. Л.
|
| 712 |
0 |
2 |
|a Московский химико-технологический институт им. Д. И. Менделеева
|2 stltpush
|3 (RuTPU)RU\TPU\col\1701
|9 23590
|
| 801 |
|
1 |
|a RU
|b 63413507
|c 20171009
|
| 801 |
|
2 |
|a RU
|b 63413507
|c 20201127
|g RCR
|
| 942 |
|
|
|c BK
|